AH International Schools' Libraries

Teaching Reading: A Playbook for Developing Skilled Readers Through Word Recognition and Language Comprehension (Record no. 49090)

MARC details
000 -LEADER
fixed length control field 00505nam a22001217a 4500
008 - FIXED-LENGTH DATA ELEMENTS--GENERAL INFORMATION
fixed length control field 250730b |||||||| |||| 00| 0 eng d
020 ## - INTERNATIONAL STANDARD BOOK NUMBER
International Standard Book Number 9781071850534
100 ## - MAIN ENTRY--PERSONAL NAME
Personal name Douglas Fisher (Author), Nancy Frey (Author), Diane K. Lapp (Author)
9 (RLIN) 86438
245 ## - TITLE STATEMENT
Title Teaching Reading: A Playbook for Developing Skilled Readers Through Word Recognition and Language Comprehension
260 ## - PUBLICATION, DISTRIBUTION, ETC. (IMPRINT)
Place of publication, distribution, etc United Kingdom, India and Singapore
Name of publisher, distributor, etc Corwin
Date of publication, distribution, etc 2022
300 ## - PHYSICAL DESCRIPTION
Extent 304 pages
Other physical details col. ill.
Dimensions 11 x 8.5 x 1.15 inches
942 ## - ADDED ENTRY ELEMENTS (KOHA)
Source of classification or shelving scheme
Holdings
Withdrawn status Lost status Source of classification or shelving scheme Damaged status Not for loan Collection code Home library Current library Date acquired Total Checkouts Full call number Barcode Date last seen Price effective from Koha item type
          Non-Fiction Asian Hope Siem Reap Asian Hope Siem Reap 07/30/2025   NFIC DOU 209061 07/30/2025 07/30/2025 Book

For any Logos Library related questions please contact Miss Art at swongnarasuk@asianhope.org.

For any Asian Hope Library related questions please contact Miss Raza at graza@asianhope.org.

Click here to explore our ebooks!

Powered by Koha